| 000 | 00458nam a22001337a 4500 | ||
|---|---|---|---|
| 005 | 20241112103447.0 | ||
| 008 | 241112b |||||||| |||| 00| 0 eng d | ||
| 020 | _a9781405719537 | ||
| 245 |
_aThe All England Law Reports 2007 Vol. 3 _cEditor-in-chief Craig Rose, Barrister; Editor, Widdicombe, Solicitor |
||
| 260 |
_aUnited Kingdom _bLexisNexis Butterworths _c2007 |
||
| 300 |
_axix, 1068 pages _c23.5 cm |
||
| 650 |
_2Law Reports _xEngland |
||
| 942 |
_2lcc _cBK _n0 |
||
| 999 |
_c1056 _d1056 |
||